The craft of the sermon. (Record no. 11539)

000 -LEADER
fixed length control field 00862nam a2200217 a 4500
001 - CONTROL NUMBER
control field :::00009338$&:&@@
003 - CONTROL NUMBER IDENTIFIER
control field OkBaRHE
005 - DATE AND TIME OF LATEST TRANSACTION
control field 20000607103350.0
008 - FIXED-LENGTH DATA ELEMENTS--GENERAL INFORMATION
fixed length control field s1954 j 000 0 eng u
040 ## - CATALOGING SOURCE
Transcribing agency
100 1# - MAIN ENTRY--PERSONAL NAME
Personal name Sangster, William Edwin.
245 14 - TITLE STATEMENT
Title The craft of the sermon.
260 ## - PUBLICATION, DISTRIBUTION, ETC. (IMPRINT)
Place of publication, distribution, etc London, UK:ENG., :
Name of publisher, distributor, etc The Epworth Press
Date of publication, distribution, etc 1954
300 ## - PHYSICAL DESCRIPTION
Extent 304 p. ;
Dimensions 21 cm.
650 ## - SUBJECT ADDED ENTRY--TOPICAL TERM
Topical term or geographic name as entry element Preaching Sermon Preparation
942 ## - ADDED ENTRY ELEMENTS (KOHA)
Source of classification or shelving scheme
Koha item type Books
Copies
Full call number Price effective from Copy number Withdrawn status Source of classification or shelving scheme Lost status Date acquired Date last seen Not for loan Barcode Damaged status Shelving location Koha item type Permanent Location
BV 4211 .S252010-04-141   2010-04-142010-04-14 9338 General StacksBooksRHEMA Bible Training College
BV 4211 .S252010-04-142   2010-04-142010-04-14 16154 General StacksBooksRHEMA Bible Training College
BV 4211 .S252010-04-143   2010-04-142010-04-14 16155 General StacksBooksRHEMA Bible Training College
BV 4211 .S252010-04-144   2010-04-142010-04-14 16156 General StacksBooksRHEMA Bible Training College